[Event "Barquisimeto Steinitz Memorial"]
[Site "Barquisimeto"]
[Date "2017.08.20"]
[Round "6"]
[White "Torres Rodriguez, Mariana Del Carmen"]
[Black "Gil Oviedo, Luis Mariano"]
[Result "0-1"]
[WhiteElo "1268"]
[BlackElo "1394"]
[PlyCount "102"]
[EventDate "2017.08.18"]
[EventType "swiss"]
[EventRounds "6"]
[EventCountry "VEN"]
[SourceTitle "CBM 180 Extra"]
[Source "ChessBase"]
[SourceDate "2017.10.06"]
[SourceVersion "1"]
[SourceVersionDate "2017.10.06"]
[SourceQuality "1"]

1. d4 d5 2. c4 e6 3. Nc3 Nf6 4. Bg5 Be7 5. Nf3 Nbd7 6. e3 0-0 7. Qc2 Re8 8. Bd3 Nf8 9. 0-0 c6 10. Rac1 g6 11. Bxf6 Bxf6 12. cxd5 exd5 13. e4 dxe4 14. Nxe4 Bxd4 15. Nxd4 Qxd4 16. Rfd1 Bf5 17. Re1 Rad8 18. Re3 Ne6 19. Rd1 Ng5 20. Nxg5 Rxe3 21. fxe3 Qxe3+ 22. Kh1 Bxd3 23. Qb3 Qxg5 24. Rxd3 Rxd3 25. Qxd3 Qd5 26. Qxd5 cxd5 27. Kg1 Kf8 28. Kf2 Ke7 29. Ke3 Ke6 30. g4 g5 31. b4 b5 32. Kd4 Kd6 33. h3 a6 34. a3 h6 35. Ke3 Ke5 36. Kd3 f5 37. gxf5 Kxf5 38. Kd4 Ke6 39. Kc5 Ke5 40. Kb6 d4 41. Kxa6 d3 42. Kxb5 d2 43. Ka6 d1Q 44. b5 Qa4+ 45. Kb6 Qxa3 46. Kc6 Qa8+ 47. Kb6 Qb8+ 48. Ka6 Kd6 49. b6 Kc6 50. b7 Qxb7+ 51. Ka5 Qb5# 0-1

[Event "Barquisimeto Steinitz Memorial"]
[Site "Barquisimeto"]
[Date "2017.08.19"]
[Round "3"]
[White "Torres Rodriguez, Mariana Del Carmen"]
[Black "Molina, Rosa Maria"]
[Result "0-1"]
[WhiteElo "1268"]
[BlackElo "1676"]
[PlyCount "66"]
[EventDate "2017.08.18"]
[EventType "swiss"]
[EventRounds "6"]
[EventCountry "VEN"]
[SourceTitle "CBM 180 Extra"]
[Source "ChessBase"]
[SourceDate "2017.10.06"]
[SourceVersion "1"]
[SourceVersionDate "2017.10.06"]
[SourceQuality "1"]

1. d4 Nf6 2. c4 e6 3. Nc3 b6 4. Bg5 Bb7 5. Nf3 Be7 6. Bxf6 Bxf6 7. e3 d5 8. cxd5 exd5 9. Bd3 Nd7 10. 0-0 g5 11. e4 g4 12. Nd2 h5 13. exd5 Bxd4 14. Qe2+ Kf8 15. Rac1 a6 16. a4 Qh4 17. Nb3 Re8 18. Qd2 Be5 19. g3 Qf6 20. f4 gxf3 21. Ne4 Qg7 22. Rxf3 Bxd5 23. Bb1 c6 24. Qb4+ c5 25. Qd2 Bc6 26. Nd6 Bxf3 27. Nxe8 Kxe8 28. Re1 h4 29. Bf5 Bc6 30. Qe3 f6 31. Nc1 hxg3 32. h3 Kf8 33. Nd3 Bd4 0-1